[Event "Moscow Open A 2016"]
[Site "Moscow RUS"]
[Date "2016.02.04"]
[Round "6.103"]
[White "Ibadov, Dashgyn"]
[Black "Hakobyan, Hovhannes H."]
[Result "1/2-1/2"]
[WhiteTitle "FM"]
[WhiteElo "2332"]
[BlackElo "2112"]
[WhiteFideId "24107514"]
[BlackFideId "13306308"]
[EventDate "2016.01.30"]

1. e4 c5 2. Nf3 Nc6 3. d4 cxd4 4. Nxd4 g6 5. Nc3 Bg7 6. Nb3 Nf6 7. Be2 O-O 8.
O-O d6 9. Be3 Be6 10. f4 Qc8 11. Bf3 Bc4 12. Re1 Rd8 13. Nd5 e5 14. c3 exf4 15.
Nxf6+ Bxf6 16. Bxf4 Ne5 17. Be2 b5 18. Nd4 Rb8 19. Qd2 Qb7 20. Kh1 Rbc8 21. a4
a6 22. axb5 axb5 23. Bf3 Bh4 24. g3 Nxf3 25. Nxf3 Be7 26. Kg1 b4 27. Nd4 bxc3
28. bxc3 Ra8 29. Rab1 Qd7 30. Rb2 Bf6 31. Bg5 Bxg5 32. Qxg5 Be6 33. Rf2 Re8 34.
h4 Ra2 35. Rxa2 Bxa2 36. h5 Qe7 37. Qxe7 Rxe7 38. Ra1 Bc4 39. h6 Re8 40. Kf2 f6
41. Ra7 Bf7 42. Nb5 Rd8 43. Nxd6 Rxd6 44. Ra8+ Be8 45. Rxe8+ Kf7 46. Rh8 g5 47.
Rxh7+ Kg6 48. Ra7 Kxh6 49. Ra2 Kh5 50. Ke3 Kg4 51. c4 Kxg3 52. c5 Rc6 53. Kd4
Rc8 54. Ra6 Rf8 55. c6 Rc8 56. Kc5 g4 57. Kd6 Kf3 58. Kd7 Rh8 59. c7 Kxe4 60.
Rxf6 Rh7+ 61. Kd6 Rxc7 62. Kxc7 g3 63. Rg6 Kf3 64. Kd6 g2 1/2-1/2

[Event "Moscow Open A 2016"]
[Site "Moscow RUS"]
[Date "2016.02.04"]
[Round "6.104"]
[White "Shoshin, Boris"]
[Black "Konaplev, Anton"]
[Result "1-0"]
[WhiteElo "2068"]
[BlackElo "2272"]
[WhiteFideId "34196568"]
[BlackFideId "24165646"]
[EventDate "2016.01.30"]

1. d4 Nf6 2. c4 e6 3. Nc3 Bb4 4. f3 d5 5. a3 Bxc3+ 6. bxc3 h6 7. cxd5 exd5 8. e3
Bf5 9. Bd3 Qd7 10. Ne2 O-O 11. O-O c5 12. e4 dxe4 13. fxe4 Bxe4 14. Rxf6 Bxd3
15. Qxd3 gxf6 16. Bxh6 Qg4 17. Rf1 Re8 18. Rf3 Qe4 19. Rg3+ Kh7 20. Qc4 Re6 21.
Qxc5 Qc2 22. Be3 Re5 23. Qf8 Qd1+ 24. Kf2 Rf5+ 25. Bf4 Rxf4+ 26. Nxf4 Qc2+ 27.
Ne2 Qf5+ 28. Rf3 Qh5 29. Rh3 1-0

[Event "Moscow Open A 2016"]
[Site "Moscow RUS"]
[Date "2016.02.04"]
[Round "6.105"]
[White "Fomin, Andrey"]
[Black "Proleiko, Julian"]
[Result "1-0"]
[WhiteElo "2241"]
[BlackElo "2047"]
[WhiteFideId "4162447"]
[BlackFideId "30900255"]
[EventDate "2016.01.30"]

1. e4 e5 2. Nf3 Nc6 3. Bb5 Nf6 4. O-O Nxe4 5. Re1 Nd6 6. Nxe5 Be7 7. Bf1 O-O 8.
Nc3 Nxe5 9. Rxe5 c6 10. d4 Ne8 11. d5 d6 12. Re1 Nf6 13. Bf4 Re8 14. g3 Bg4 15.
Qd3 Bh5 16. Bg2 Bg6 17. Qd2 Rc8 18. Rac1 Qb6 19. b3 Bf8 20. Na4 Qc7 21. dxc6
bxc6 22. c4 Qd7 23. Qd4 d5 24. Nc5 Bxc5 25. Qxc5 Be4 26. f3 Bg6 27. Be5 Qf5 28.
Bxf6 Qxf6 29. cxd5 Rxe1+ 30. Rxe1 h5 31. d6 Rd8 32. Rd1 h4 33. f4 Qe6 34. Bf3
hxg3 35. hxg3 Be4 36. Re1 f5 37. Bxe4 fxe4 38. Qxc6 1-0

[Event "Moscow Open A 2016"]
[Site "Moscow RUS"]
[Date "2016.02.04"]
[Round "6.106"]
[White "Tsvetkov, Andrey"]
[Black "Begelman, Boris"]
[Result "1-0"]
[WhiteTitle "CM"]
[WhiteElo "2028"]
[BlackElo "2218"]
[WhiteFideId "34139360"]
[BlackFideId "34136441"]
[EventDate "2016.01.30"]

1. d4 Nf6 2. c4 e6 3. Nc3 Bb4 4. e3 O-O 5. Ne2 c6 6. a3 Ba5 7. b4 Bc7 8. e4 d6
9. Bg5 Nbd7 10. Ng3 h6 11. h4 Qe8 12. Bd3 e5 13. d5 Nh7 14. Be3 a5 15. b5 Ndf6
16. f3 cxd5 17. cxd5 Qd8 18. Na4 Nd7 19. Rc1 b6 20. Qe2 Nc5 21. Nxc5 dxc5 22.
Rd1 Nf6 23. Bc4 Ne8 24. Nf5 Bxf5 25. exf5 e4 26. fxe4 Bg3+ 27. Kf1 Nd6 28. Bd3
Qf6 29. Qf3 Be5 30. g4 Bd4 31. g5 Qe7 32. f6 gxf6 33. Bxd4 1-0

[Event "Moscow Open A 2016"]
[Site "Moscow RUS"]
[Date "2016.02.04"]
[Round "6.107"]
[White "Fraiman, Dmitry"]
[Black "Abreu Sanchez, Leonel Jesus"]
[Result "1-0"]
[WhiteElo "2193"]
[BlackElo "1861"]
[WhiteFideId "34100641"]
[BlackFideId "3917487"]
[EventDate "2016.01.30"]

1. e4 e5 2. Nc3 Nf6 3. f4 d5 4. fxe5 Nxe4 5. d3 Qh4+ 6. g3 Nxg3 7. Nf3 Qh5 8.
Nxd5 Nc6 9. Nf4 Qg4 10. Rg1 h6 11. Rxg3 Qf5 12. Bh3 1-0

[Event "Moscow Open A 2016"]
[Site "Moscow RUS"]
[Date "2016.02.04"]
[Round "6.108"]
[White "Grishaev, Igor"]
[Black "Appolonov, Sergey"]
[Result "0-1"]
[BlackTitle "IM"]
[WhiteElo "1933"]
[BlackElo "2380"]
[WhiteFideId "4197925"]
[BlackFideId "4116291"]
[EventDate "2016.01.30"]

1. d4 d5 2. Nf3 Nf6 3. c4 c6 4. Nc3 dxc4 5. a4 Bf5 6. e3 e6 7. Bxc4 Bb4 8. O-O
O-O 9. Qe2 Bg4 10. Rd1 Qd5 11. e4 Qh5 12. Rd3 Nbd7 13. h3 Bxf3 14. Rxf3 e5 15.
dxe5 Nxe5 16. Rf5 Qxe2 17. Bxe2 Rfe8 18. f3 Ng6 19. Bc4 Bd6 20. Rg5 Ne5 21. Bb3
g6 22. f4 Nd3 23. e5 Bc5+ 24. Kh2 Nh5 25. Ne4 Nxc1 26. Rxc1 Be3 27. Rf1 Bxf4+
28. g3 Bxg5 29. Rxf7 Bh6 30. g4 Rxe5 31. Nd6 Re3 32. Bc4 Kh8 33. gxh5 Rd8 34.
hxg6 hxg6 35. Rf6 Rxd6 0-1

[Event "Moscow Open A 2016"]
[Site "Moscow RUS"]
[Date "2016.02.04"]
[Round "6.109"]
[White "Salman, Pavel"]
[Black "Terekhov, Konstantin"]
[Result "1-0"]
[WhiteTitle "FM"]
[WhiteElo "2185"]
[BlackElo "2122"]
[WhiteFideId "24153753"]
[BlackFideId "4115856"]
[EventDate "2016.01.30"]

1. d4 Nf6 2. c4 c5 3. d5 b5 4. cxb5 a6 5. b6 d6 6. Nc3 Qxb6 7. e4 g6 8. Nf3 Bg4
9. Qa4+ Bd7 10. Qc2 Bg7 11. Be2 O-O 12. O-O Bb5 13. a4 Bxe2 14. a5 Qc7 15. Qxe2
Nbd7 16. Nd2 e5 17. Nc4 Ne8 18. Bd2 f5 19. f3 Ndf6 20. Na4 Rf7 21. Nab6 Ra7 22.
b4 Nd7 23. b5 Nb8 24. Na3 Qb7 25. Rfb1 axb5 26. Qxb5 Nc7 27. Qa4 Qa6 28. Nbc4
Nd7 29. Qc6 Bf8 30. Rb6 Nxb6 31. axb6 Rb7 32. bxc7 Qxc6 33. dxc6 Rbxc7 34. Na5
fxe4 35. fxe4 Ra7 36. Nb5 Ra8 37. Rc1 Rc8 38. Rf1 Be7 39. Rxf7 Kxf7 40. c7 Ke6
41. Nc4 Bd8 42. cxd8=Q Rxd8 43. Nbxd6 1-0

[Event "Moscow Open A 2016"]
[Site "Moscow RUS"]
[Date "2016.02.04"]
[Round "6.110"]
[White "Royset, Pal"]
[Black "Pogosyan, Stefan"]
[Result "1/2-1/2"]
[WhiteElo "2179"]
[BlackElo "1974"]
[WhiteFideId "1501330"]
[BlackFideId "34159867"]
[EventDate "2016.01.30"]

1. e4 e5 2. Nf3 Nc6 3. d4 exd4 4. Nxd4 Qf6 5. Be3 Bc5 6. c3 Nge7 7. Nc2 Bb6 8.
Nba3 Ne5 9. Qd2 N7c6 10. Bxb6 axb6 11. Nb5 Qd8 12. Ne3 Ne7 13. f4 N5g6 14. g3 d6
15. h4 h5 16. Qd4 f6 17. O-O-O Bd7 18. a3 Nf8 19. Qxd6 Bxb5 20. Bxb5+ c6 21. Bc4
Qxd6 22. Rxd6 b5 23. Ba2 Rb8 24. Rhd1 Rh6 25. f5 Ra8 26. Bb3 Nc8 27. Rd8+ Ke7
28. R1d2 Nb6 29. R8d6 Ra5 30. R6d4 Nfd7 31. Be6 Ne5 32. Rd1 Rh8 33. Bb3 Raa8 34.
Ng2 Nbd7 35. Nf4 Rh7 36. Ng6+ Ke8 37. Ba2 Rh6 38. Rd6 Rxg6 39. fxg6 Nc5 40. Bb1
Nb3+ 41. Kc2 Na1+ 42. Kd2 Nc4+ 43. Ke2 Nxd6 44. Rxd6 Ke7 45. Rd1 Nb3 46. Ke3 Nc5
47. Bc2 Nd7 48. Bb3 Ne5 49. Bf7 Rd8 50. Rd4 Rf8 51. Kf4 Nxf7 52. gxf7 Ke6 53.
Rd2 Rxf7 54. Rd8 Re7 55. b3 g6 1/2-1/2